Clásicos del fútbol argentino - Estadísticas

Estadísticas generales
  • Esta prueba ha sido intentada 467 veces
  • La puntuación promedio es 15 de 28
Estadísticas de respuestas
Club Clásico % Correcto
Boca Juniors River Plate
95%
Independiente Racing Club
89%
Estudiantes (LP) Gimnasia (LP)
87%
Banfield Lanús
87%
Newells Old Boys Rosario Central
87%
Huracán San Lorenzo
86%
Talleres (C) Belgrano
80%
Unión (SF) Colón
77%
Atlético Tucumán San Martín (T)
76%
Aldosivi Alvarado
75%
Vélez Sarsfield Ferro Carril Oeste
72%
Chacarita Juniors Atlanta
59%
All Boys Nueva Chicago
54%
Deportivo Español Sportivo Italiano
39%
Central Córdoba (SdE) Guemes (SdE)
38%
Independiente Rivadavia Gimnasia (M)
34%
Guillermo Brown (PM) Deportivo Madryn
33%
Almagro Estudiantes (BA)
33%
Deportivo Morón Almirante Brown
32%
Chaco For Ever Sarmiento (R)
32%
Defensores de Belgrano Excursionistas
30%
Barracas Central Sportivo Barracas
30%
Juventud Antoniana Central Norte (S)
29%
Arsenal El Porvenir
26%
Temperley Los Andes
25%
San Telmo Dock Sud
21%
Sacachispas Deportivo Riestra
20%
Flandria Luján
17%
No se encontraron pruebas coincidentes
Distribución de puntuación
Porcentaje de gente con cada puntuación
Porcentaje por número respondido
Historial de tus puntuaciones
No has intentado esta prueba.